Statistiche per Paesi che Hanno Ospitato le Olimpiadi Estive

Clicka qui per fare il quiz!

Statistiche generali

  • Questo quiz è stato fatto 94 volte
  • Il punteggio medio è 30 su 32

Statistiche sulle risposte

AnnoPaese% Corretto
2016Brasile
100%
2008Cina
100%
1960Italia
100%
1936Germania
99%
1916*Germania
99%
1972Germania Ovest
99%
1964Giappone
99%
1940*Giappone
99%
2020**Giappone
99%
1896Grecia
99%
2004Grecia
99%
1944*Regno Unito
99%
1948Regno Unito
99%
2012Regno Unito
99%
1908Regno Unito
99%
1992Spagna
99%
1924Francia
97%
1900Francia
97%
1984Stati Uniti
97%
1904Stati Uniti
97%
1996Stati Uniti
97%
1932Stati Uniti
97%
2000Australia
96%
1956Australia
96%
1980Unione Sovietica
94%
1968Messico
93%
1976Canada
88%
1988Corea del Sud
86%
1912Svezia
86%
1920Belgio
81%
1928Paesi Bassi
81%
1952Finlandia
67%

Distribuzione punteggi

Percentile per numero di risposta

Percentuale di utenti per punteggio

I tuoi punteggi nel tempo

Non hai fatto questo quiz